| 000 | 00570nam a2200169 4500 | ||
|---|---|---|---|
| 005 | 20250114112850.0 | ||
| 010 | _aENG-143345 | ||
| 020 |
_a9789388398657 _c450.00 |
||
| 035 | _aEN-126877 | ||
| 037 | _bDBAD | ||
| 082 | _a364.40954 | ||
| 245 |
_aProceedings of National Seminar on Crime Prevention Strategies/ _cby Department of Forensic Science |
||
| 260 |
_aMadurai _bShanlax Publications _c2022 |
||
| 270 |
_a61,66 Vasantha Nagar _bMadurai _e625003 _mshanlaxpublications@gmail.com |
||
| 300 |
_a357p. _c25cm(Pb) |
||
| 942 |
_2ddc _cEN _h364.40954 _mCRI |
||
| 999 |
_c208460 _d208460 |
||